Ghostbusters Theme Lyrics - Statistics

General Stats
  • This quiz has been taken 252 times
  • The average score is 17 of 26
Answer Stats
Lyrics % Correct
{Ghostbusters}!
99%
If there's something {strange}
95%
Ow, who you {gonna} {call}?
94%
Who you {gonna} {call}?
94%
And {call}
89%
Who can you {call}?
89%
You better {call}
89%
Hm, I ain't 'fraid of {no} {ghost}
85%
I ain't 'fraid of {no} {ghost}
85%
I ain't 'fraid of {no} {ghost} (bis)
85%
In your {neighborhood}
85%
If there's something {weird}
78%
Pick up the {phone}
74%
And it don't {look} {good}
73%
If you're seeing {things}
65%
{Sleepin'} in your bed
55%
Running through {your} {head}
54%
An {invisible} {man}
51%
{Bustin'} makes me feel good!
49%
If you're {all} {alone}
44%
I think you {better} {call}
36%
{Freaky} ghost, baby
26%
Ooh, I hear it likes {the} {girls}
25%
When it comes through {your} {door}
25%
Don't get {caught} {alone}, oh no
21%
Mmm, if you've had a {dose} of a
18%
No matching quizzes found
Score Distribution
Percent of People with Each Score
Percentile by Number Answered
Your Score History
You have not taken this quiz